Guide touristique : Chios Grece

Αποθηκεύτηκε σε:
Λεπτομέρειες βιβλιογραφικής εγγραφής
Μορφή: Βιβλίο
Γλώσσα:French
Δημοσίευση: Athens :
Θέματα:
Ετικέτες: Προσθήκη ετικέτας
Δεν υπάρχουν, Καταχωρήστε ετικέτα πρώτοι!

MARC

LEADER 00000cam a2200000 i 4500
001 1/48377
008 961219s fre d
035 |l 10026660 
040 |a GR-MY-UA  |b gre  |e aacr 
041 0 |a fre 
082 0 |a Π 338.479109499 
245 1 0 |a Guide touristique :  |b Chios Grece 
260 |a Athens :  
300 |a 72 p. 
651 0 |a Chios (Greece : Municipality)  |x Description and travel. 
852 |a INST  |b CHIOS  |e 19961219  |h 338.479109499 CHI  |p 005200011453  |q 005200011453  |t REF  |y 23 
852 |a INST  |b CHIOS  |e 19961219  |h 338.479109499 CHI  |p 005200011454  |q 005200011454  |t REF  |y 23 
909 |a Χ  |b 013504 
909 |a Χ  |b 013505